00713nam a2200181 a 450000100100000000500170001000800410002704000250006808200160009310000450010924500670015426001240022130000200034550400260036504900090039195201140040099900170051400003130820240316073905.0110617s1997 dr a 000 0 spa d aDO-SdBNPbspacBNPHU axxxxbV443p1 aVeloz Maggiolo, Marcio,d1936-20219110410aPrehistoria dominicana para maestros /cMarcio Veloz Maggiolo. aLa Romana, República Dominicana :bMuseo Arqueológico RegionalbFundación Centro Cultural Altos de Chavon,c1997. a54 p. :b28 cm. aBibliografía : p.53 aBNPD 0010718PDaPDbPDcCTd2011-07-20iLF1l0oxxxx V443pp31308-10r2020-06-25w2020-06-25yLFPDZNo se presta c30800d30800